| 000 | 01155nam a2200301 i 4500 | ||
|---|---|---|---|
| 001 | 000017203 | ||
| 003 | DO-SdBPM | ||
| 005 | 20260429140814.0 | ||
| 007 | ta | ||
| 008 | 100319s2021 dr a 001 0 spa d | ||
| 020 | _a9789945886146 | ||
| 040 |
_aDO-SdBPM _bspa _cBPMSU _erda |
||
| 082 | 0 | 4 |
_a028.9 _bP116g 2021 _222 |
| 100 | 1 |
_a Berenice Pacheco Salazar _eautor _4aut. _d |
|
| 245 | 1 | 0 |
_aGuía para la promoción de la cultura escrita : _bcultivando el amor por la lectura y la escritura en las escuelas y comunidades / _c Berenice Pacheco salazar |
| 264 |
_aSanto Domingo : _b Organización de Estados Iberoamericanos Para la Educación y la Ciencia, _c2021 |
||
| 300 |
_a111 páginas : _bilustraciones ; _c23 cm. |
||
| 336 |
_atexto _btxt _2rdacontent |
||
| 337 |
_asin mediación _bn _2rdamedia |
||
| 338 |
_avolumen _bnc _2rdacarrier |
||
| 590 | _aInventariado, 2026/VM | ||
| 650 | 7 | _aPromoción de la lectura | |
| 650 | 7 | _aAnimación a la lectura | |
| 650 | 7 | _a Libros y lectura | |
| 710 | 2 | _a Organización de Estados Iberoamericanos Para la Educación y la Ciencia, | |
| 910 | _aVMateo V. Control de Calidad. BPMSU | ||
| 942 |
_2ddc _cBK |
||
| 999 |
_c15808 _d15808 |
||